Normal view
MARC view
Entry Geographic Name
001 - CONTROL NUMBER
- control field: 15016
003 - CONTROL NUMBER IDENTIFIER
- control field: ARRUPE
005 - DATE AND TIME OF LATEST TRANSACTION
- control field: 20150210123240.0
008 - FIXED-LENGTH DATA ELEMENTS
- fixed length control field: 150210|| aca||aabn | a|a d
040 ## - CATALOGING SOURCE
- Original cataloging agency: ARRUPE
- Transcribing agency: ARRUPE
151 ## - HEADING--GEOGRAPHIC NAME
- Geographic name: Ghana
- General subdivision: Religious life and customs.
670 ## - SOURCE DATA FOUND
- Source citation: Work cat.: (ARRUPE)0: Ephirim-Donkor, Anthony. 15013, African religion defined :, c2013.